000
00320nam a22001217a 4500
082
_a
297.24 BIS
100
_a
Biswas, Chitranjan
245
_a
A Christian Evaluation of Isa (Jesus): In the Holy Quran
260
_a
Jabalpur
_b
Leonard Theological College
_c
1965
300
_a
38
650
_a
Islam-Prophecy
942
_c
RRB
999
_c
20377
_d
20377